000 01297nam a2200265 a 4500
001 000217962
003 AM-YeHGA
005 20250618071507.0
008 030415s1973 ai |||||||||||000|||arm|d
040 _aAM-YeHGA
041 0 _aarm
100 1 _aՍողոմոնյան, Սողոմոն Ալեքսանդրի,
_d1907-1978
_91744
245 1 0 _aԱրտասահմանյան գրականություն :
_bՁեռնարկ միջնակարգ դպրոցների 9-10-րդ դասարանի համար /
_cՍ.Ա. Սողոմոնյան ; Խմբ.՝ Ա.Մ. Գասպարյան, Գ.Գ. Բալասանյան.
250 _a4-րդ հրատ.
260 _aԵրևան :
_bԼույս,
_c1973.
300 _a181 էջ ;
_c22 սմ.
500 _aԴ. Ալիգիերի, Վ. Շեքսպիր, Սերվանտես, Վ. Գյոթե, Ջ. Բայրոն, Հ. Հայնե, Օ. Բալզակ, Թ. Դրայզեր, Ա. Զեգերս, Վ. Սարոյան
504 _aՏողատակի մատենագիտ ծանոթագր.
650 1 4 _aՀամաշխարհային գրականության պատմություն
653 0 _aԴասագիրք
700 1 _aԳասպարյան, Ա.Մ.
_eխմբ.
_4edt
700 1 _aԲալասանյան, Գրիգոր Գրիգորի,
_d1919-2003
_eխմբ.
_4edt
_91913
942 _2udc
_cBK
090 _c77638
999 _c76401
_d76401